000
00285nam a2200109Ia 4500
008
220120s9999||||xx |||||||||||||| ||und||
100
_a
Brink, Carol Ryrie
_9
11848
245
0
_a
Caddie woodlawn
260
_a
Aladdin Paperbacks
_b
Bangalooru
_c
2006
300
_b
0
650
_a
CAD/CAM
_9
5854
999
_c
137386
_d
137386